[Event "BCF-chT2a 1920 (4NCL)"]
[Site "Daventry"]
[Date "2020.02.08"]
[Round "5.48"]
[White "Walsh, Marcus"]
[Black "Moreby, Kurt E"]
[Result "1/2-1/2"]
[WhiteElo "2146"]
[BlackElo "1628"]
[PlyCount "56"]
[EventDate "2020.01.11"]
[EventType "team-tourn"]
[EventRounds "11"]
[EventCountry "ENG"]
[SourceTitle "CBM 194 Extra"]
[Source "ChessBase"]
[SourceDate "2020.03.31"]
[SourceVersion "1"]
[SourceVersionDate "2020.03.31"]
[SourceQuality "1"]
[WhiteTeam "The ADS"]
[BlackTeam "North East England"]
[WhiteTeamCountry "ENG"]
[BlackTeamCountry "ENG"]

1. e4 e6 2. d4 d5 3. Nc3 Nf6 4. Bg5 Be7 5. e5 Nfd7 6. h4 h6 7. Bxe7 Qxe7 8. Nb5 Nb6 9. f4 a6 10. Nc3 c5 11. Nf3 Nc6 12. Qd2 Bd7 13. Rd1 0-0 14. dxc5 Qxc5 15. Nd4 Nc4 16. Bxc4 Qxc4 17. Nxc6 Bxc6 18. Qd4 Qxd4 19. Rxd4 h5 20. Rh3 g6 21. Re3 Rac8 22. g3 Rc7 23. Rd2 Rfc8 24. Ne2 Kf8 25. Nd4 Be8 26. Kd1 Ke7 27. Red3 Rc5 28. c3 Ra5 1/2-1/2